Knowledge and critical pedagogy: An introduction (Record no. 12878)

000 -LEADER
fixed length control field 01111cam a2200301 a 4500
001 - CONTROL NUMBER
control field 15160172
005 - DATE AND TIME OF LATEST TRANSACTION
control field 20170105102410.0
008 - FIXED-LENGTH DATA ELEMENTS--GENERAL INFORMATION
fixed length control field 080129s2008 nyu b 000 0 eng
010 ## - LIBRARY OF CONGRESS CONTROL NUMBER
LC control number 2008921931
020 ## - INTERNATIONAL STANDARD BOOK NUMBER
International Standard Book Number 9781402082238
040 ## - CATALOGING SOURCE
Original cataloging agency DLC
Transcribing agency DLC
Modifying agency DLC
050 00 - LIBRARY OF CONGRESS CALL NUMBER
Classification number LC196
Item number .K555 2008
082 00 - DEWEY DECIMAL CLASSIFICATION NUMBER
Classification number 300.1 KIN
Edition number 22
100 1# - MAIN ENTRY--PERSONAL NAME
Personal name Kincheloe, Joe L.
245 10 - TITLE STATEMENT
Title Knowledge and critical pedagogy: An introduction
Statement of responsibility, etc. Joe L. Kincheloe
260 ## - PUBLICATION, DISTRIBUTION, ETC.
Place of publication, distribution, etc. New York :
Name of publisher, distributor, etc. Springer,
Date of publication, distribution, etc. 2008.
300 ## - PHYSICAL DESCRIPTION
Extent xvii, 275 p. ;
Dimensions 24 cm.
490 0# - SERIES STATEMENT
Series statement Explorations of educational purpose ; v.1
504 ## - BIBLIOGRAPHY, ETC. NOTE
Bibliography, etc. note Includes bibliographical references (p. 255-265) and index.
650 #0 - SUBJECT ADDED ENTRY--TOPICAL TERM
Topical term or geographic name entry element Critical pedagogy.
650 #0 - SUBJECT ADDED ENTRY--TOPICAL TERM
Topical term or geographic name entry element Knowledge, Sociology of.
650 #0 - SUBJECT ADDED ENTRY--TOPICAL TERM
Topical term or geographic name entry element Social epistemology.
856 42 - ELECTRONIC LOCATION AND ACCESS
Materials specified Publisher description
Uniform Resource Identifier <a href="http://www.loc.gov/catdir/enhancements/fy1312/2008921931-d.html">http://www.loc.gov/catdir/enhancements/fy1312/2008921931-d.html</a>
856 41 - ELECTRONIC LOCATION AND ACCESS
Materials specified Table of contents only
Uniform Resource Identifier <a href="http://www.loc.gov/catdir/enhancements/fy1312/2008921931-t.html">http://www.loc.gov/catdir/enhancements/fy1312/2008921931-t.html</a>
906 ## - LOCAL DATA ELEMENT F, LDF (RLIN)
a 7
b cbc
c orignew
d 2
e epcn
f 20
g y-gencatlg
942 ## - ADDED ENTRY ELEMENTS (KOHA)
Source of classification or shelving scheme
Koha item type Book
Holdings
Withdrawn status Lost status Damaged status Not for loan Collection code Permanent Location Current Location Shelving location Date acquired Source of acquisition Cost, normal purchase price Total Checkouts Total Renewals Full call number Barcode Date last seen Date last checked out Price effective from Koha item type
          Central Library (CL) Central Library (CL) General Stacks 06/19/2014 Progressive International Agencies 3958.67 3 1 300.1 KIN SEECS013226 01/22/2025 02/25/2021 06/17/2014 Book
© 2023 Central Library, National University of Sciences and Technology. All Rights Reserved.